| 000 | 01090 a2200325 4500 | ||
|---|---|---|---|
| 001 | 69313 | ||
| 999 |
_c69313 _d35828 |
||
| 003 | TR-AnTOB | ||
| 005 | 20190322122509.0 | ||
| 008 | 110630s2004 tk 000 0 d | ||
| 029 |
_aOHX _bhar055027313 |
||
| 035 | _a(OCoLC)180750470 | ||
| 040 |
_aOHX _cOHX _dTRTET |
||
| 041 | _atuk | ||
| 049 | _aMAIN | ||
| 050 |
_aDK933 _b.A84 2004 |
||
| 072 |
_aTR _2lcco |
||
| 072 |
_aDS _2lcco |
||
| 090 | _aDK933 .A84 2004 | ||
| 245 | 0 |
_aAsgabat : _bgarassyz bitarap Türkmenistanyn paytagty = Asgabat: stolitsa nezavisimogo neitral'nogo Turkmenistana = Asgabat: the capital of independent neutral Turkmenistan / _c[W.M. Hramowyn umumy redaksiyasy bilen]. |
|
| 246 | 3 | _aAsgabat: the capital of independent neutral Turkmenistan | |
| 246 | 3 | _aAsgabat: stolitsa nezavisimogo neitral'nogo Turkmenistana = | |
| 264 | 1 |
_aAsgabat: _bTürkmendöwlethabarlary, _c2004. |
|
| 300 |
_a295 p.: _bnumerous col. photos ; _c34 cm. |
||
| 500 | _aText in Turkmenian, Russian and English. | ||
| 902 | _a0023645 | ||
| 903 | _aMerkez Kütüphane. | ||
| 945 | _aBS | ||
| 994 |
_aC0 _bTRTET |
||
| 942 | _cBK | ||